Statistiken für Top 15 Länder mit Covid-19-Todesfällen - 21. Feb 2021

Klicken Sie hier um das Quiz zu spielen!

Allgemein

  • Dieses Quiz wurde 13 mal gespielt
  • Das Durchschnittsergebnis liegt bei 16 aus 24

Antwortstatistiken

Land% Korrekt
Deutschland
100%
Frankreich
100%
Vereinigte Staaten
100%
Brasilien
92%
Italien
92%
Russland
92%
Spanien
92%
Vereinigtes Königreich
92%
Indien
85%
Mexiko
85%
Argentinien
77%
Iran
69%
Südafrika
69%
Belgien
62%
Peru
62%
Portugal
62%
Bulgarien
46%
Tschechien
46%
Ungarn
38%
Kolumbien
31%
Kroatien
31%
Bosnien und
Herzegowina
23%
Slowenien
23%
Nordmazedonien
15%

Verteilung der Resultate

Perzentil nach korrekt beantworteten Fragen

Anzahl Personen mit jedem Resultat

Ihre Resultats-Entwicklung

Sie haben dieses Quiz noch nicht gespielt